¡Casi medio año! /

Guardado en:
Detalles Bibliográficos
Autor principal: Brozon, Mónica (autor)
Otros autores: Diego, Rapi (ilustración) (ilustración)
Formato: Libro
Idioma:Español
Publicado: México : SM, 2002, c1997
Edición:5a edición
Colección:(El Barco de Vapor. Serie Naranja ; 44)
Temas:
Etiquetas: Agrega una etiqueta
Sin etiquetas, Sé el primero en etiquetar este registro!

MARC

LEADER 00000nam^a2200000^a^4500
001 000355971
005 20250521000000.0
009 20260310115219.116
037 |a Acervo ITESO - Biblioteca 
041 |a ESP 
082 |a 808. 899282  |b BRO 
100 |a Brozon, Mónica  |e (autor) 
245 1 0 |a ¡Casi medio año! /  |c M. Brozon. 
250 |a 5a edición 
264 4 |a México :  |b SM,  |c 2002, c1997 
300 |a 130 p. 
336 |a texto  |b txt  |2 rdacontenido 
337 |a sin mediación  |b n  |2 rdamedio 
338 |a volumen  |b nc  |2 rdasoporte 
440 3 |a (El Barco de Vapor.  |p Serie Naranja ;  |v 44) 
649 |a XX 
650 |a Novela Mexicana 
650 |a Literatura Infantil -  |z México 
650 |a Literatura Mexicana -  |y Siglo XX 
650 |a Literatura de Mujeres -  |z México 
650 |a Niños en la Literatura 
700 |a Diego, Rapi  |e (ilustración) 
910 |a Fondo General 
920 |a Impresos - Libros 
930 |a Colección General 
940 |a Literatura 
905 |a 101 
901 |a 0500249049  |b IT1  |c LIT  |i D68490  |u 20250521 
902 |a https://opac.biblio.iteso.mx/vufind/Record/000355971